Das gemeinsame Erbe - 30 Jahre deutsch-polnische Zusammenarbeit in der Denkmalpflege

Titel: Das gemeinsame Erbe - 30 Jahre deutsch-polnische Zusammenarbeit in der Denkmalpflege
Verfasser:
In: Stiftung Preußischer Kulturbesitz: Jahrbuch Preußischer Kulturbesitz ..., Band 38 (2001), Seite 167-173, Abb.
alle Artikel anzeigen
Veröffentlicht: 2001 [2002]
Format: Aufsatz
Sprache: Deutsch
Kein Bild verfügbar
X
alg: 39156190
001A    $01999:11-11-16 
001B    $01999:15-05-21 $t20:59:37.000 
001C    $06050:19-11-16 $t08:33:05.000 
001D    $01999:11-11-16 
001U    $0utf8 
001X    $00 
002@    $0Aox 
003@    $0391561901 
007A    $0391561901 $aHEB 
007T    $0Herd59549 
010@    $ager 
011@    $a2001 $n2001 [2002] 
021A    $aDas @gemeinsame Erbe - 30 Jahre deutsch-polnische Zusammenarbeit in der Denkmalpflege 
028A    $#Tomaszewski, Andrzej Stanislaw $7103287353 $8Tomaszewski, Andrzej$Z1934-2010 [Tp1] $9138705178 
031A    $d38 $h167-173, Abb. $j2001 
037A    $aAnsprache anlässlich der Ausstellungseröffnung "Das gemeinsame Erbe - 30 Jahre deutsch-polnische Zusammenarbeit in der Denkmalpflege", 08.03.2001 
039B    $aIn $8--Abvc--Stiftung Preußischer Kulturbesitz [Tb1]. Jahrbuch Preußischer Kulturbesitz .... - Berlin : Mann, 1963-[2016]. - ISSN 0342-0124 $x200100000380000833 $9046848940 
045F    $a306.09438 $eDDC23BSB 
045F/01 $a306.09 
045F/03 $g438 
045T    $a24 

lok: 39156190 78

exp: 39156190 78 1 #EPN
201B/01 $003-04-17 $t17:57:32.000 
201U/01 $0utf8 
203@/01 $0787656127 
208@/01 $a11-11-16 $be 
209A/01 $a/ $f000 $x00 
220C/01 $aTitelaufnehmer: wr 
244Z/01 $2Trx $#Poola $#Lenkija $#Polija $#Polen Land $#Poland $#Lengyelország $#Poľsko $#Polsko $8--Trx--Polska$gkraj $x01 $9391345966 
244Z/01 $aGeschichte 1980-2000 $x02 
244Z/01 $2Trx $#mälestusmärgi hooldus ja kaitse $#paminklų konservavimas ir apsauga $#preservation of monuments $#müemlékvédelem és ápolás $#konserwacja i ochrona zabytków $#pamiatková starostlivosť a ochrana $#památková péče a ochrana $8--Trx--Denkmalpflege und -schutz $x03 $9391355635 
244Z/01 $2Trx $#suhted, Poola-Saksa $#santykiai, lenkų ir vokiečių $#relations, German-Polish $#kapcsolatok, lengyel-német $#stosunki niemiecko-polskie $#vzťahy nemecko-poľské $#vztahy německo-polské $8--Trx--Beziehungen, deutsch-polnische $x04 $9391368397 
244Z/01 $2Trx $8--Trx--Zeitschriftenaufsatz $x05 $9391384341 
245Z/01 $a11.14 $x01 
247C/01 $82080>Marburg/Lahn, Herder-Institut, Forschungsbibliothek, Bibliographieportal $9336309341
LEADER 00000caa a22000002c 4500
001 391561901
003 DE-603
005 20210515205937.0
007 tu
008 161111s2001 xx |||| | u00||u|ger c
035 |a (DE-599)HEB391561901 
040 |a DE-603  |b ger  |c DE-603  |d DE-603 
041 |a ger 
082 0 4 |8 1\u  |a 306.09438  |q DE-101  |2 23/BSB 
084 |a 24  |2 ssgn 
085 |8 1\u  |b 306.09 
085 |8 1\u  |z 2  |s 438 
100 1 |a Tomaszewski, Andrzej  |d 1934-2010  |0 (DE-603)138705178  |0 (DE-588)103287353  |2 gnd 
245 0 0 |a ˜Dasœ gemeinsame Erbe - 30 Jahre deutsch-polnische Zusammenarbeit in der Denkmalpflege 
264 0 |c 2001 [2002] 
500 |a Ansprache anlässlich der Ausstellungseröffnung "Das gemeinsame Erbe - 30 Jahre deutsch-polnische Zusammenarbeit in der Denkmalpflege", 08.03.2001 
773 0 8 |i In  |a Stiftung Preußischer Kulturbesitz  |t Jahrbuch Preußischer Kulturbesitz ...  |d Berlin : Mann, 1963-[2016]  |h 24 cm  |x 0342-0124  |g Band 38 (2001), Seite 167-173, Abb.  |w (DE-603)046848940  |w (DE-600)3758-8 
924 0 |9 2080  |a (DE-603)787656127  |b DE-2080  |c HES  |d d  |g /